El juego discursivo : (Record no. 86308)

MARC details
000 -CABECERA
campo de control de longitud fija 00601nam a22001933a 4500
005 - FECHA Y HORA DE LA ÚLTIMA TRANSACCIÓN
campo de control 20240111063546.0
008 - ELEMENTOS DE LONGITUD FIJA--INFORMACIÓN GENERAL
campo de control de longitud fija 011002s1999 mx r 000 0 spa d
020 ## - NÚMERO INTERNACIONAL NORMALIZADO PARA LIBROS
Número Internacional Estándar del Libro 9507248897
035 ## - NÚMERO DE CONTROL DEL SISTEMA
Número de control de sistema UPN01000112400
049 ## - COLECCIÓN
Colección CG
050 #4 - SIGNATURA TOPOGRÁFICA DE LA BIBLIOTECA DEL CONGRESO
Número de clasificación PN4086
Número de documento/Ítem P7.4
100 1# - ASIENTO PRINCIPAL--NOMBRE PERSONAL
Nombre de persona Prieto Castillo, Daniel,
Fechas asociadas al nombre 1942-
9 (RLIN) 29583
245 13 - MENCIÓN DE TÍTULO
Título El juego discursivo :
Resto del título manual de análisis de estrategias discursivas /
Mención de responsabilidad, etc. Daniel Prieto Castillo.
260 ## - PUBLICACIÓN, DISTRIBUCIÓN, ETC.
Lugar de publicación, distribución, etc. Buenos Aires :
Nombre del editor, distribuidor, etc. Lumen-Humanitas,
Fecha de publicación, distribución, etc. 1999.
300 ## - DESCRIPCIÓN FÍSICA
Extensión 224 p.
650 #4 - ASIENTO SECUNDARIO DE MATERIA - TERMINO TEMATICO
Término de materia o nombre geográfico como elemento de entrada CONFERENCIAS Y EL ARTE DE DISERTAR
9 (RLIN) 11496
650 #2 - ASIENTO SECUNDARIO DE MATERIA - TERMINO TEMATICO
Término de materia o nombre geográfico como elemento de entrada Oratoria
9 (RLIN) 4605
905 ## - TIPO DE MATERIAL
Tipo de material Libro
Holdings
Estado de retiro Estado de pérdida Fuente del sistema de clasificación o colocación Estado dañado No para préstamo Código de colección Localización permanente Ubicación/localización actual Ubicación en estantería Total de préstamos Clasificación Código de barras Fecha visto por última vez Número de copia Tipo de ítem Koha
    Library of Congress Classification     Colección General Bib. Gregorio Torres Quintero Bib. Gregorio Torres Quintero Planta baja 14 PN4086 P7.4 171038 31/12/2020 1 Libro